The secret of positive praying. (Record no. 8804)

000 -LEADER
fixed length control field 00589nam a2200193 a 4500
001 - CONTROL NUMBER
control field :::00006583$&:&@@
003 - CONTROL NUMBER IDENTIFIER
control field OkBaRHE
005 - DATE AND TIME OF LATEST TRANSACTION
control field 20100401150343.0
008 - FIXED-LENGTH DATA ELEMENTS--GENERAL INFORMATION
fixed length control field s1986 j 000 0 eng u
020 ## - INTERNATIONAL STANDARD BOOK NUMBER
International Standard Book Number 0310211522 (pbk.)
040 ## - CATALOGING SOURCE
Transcribing agency
100 1# - MAIN ENTRY--PERSONAL NAME
Personal name Bisagno, John R.
245 14 - TITLE STATEMENT
Title The secret of positive praying.
260 ## - PUBLICATION, DISTRIBUTION, ETC. (IMPRINT)
Place of publication, distribution, etc Grand Rapids, MI., :
Name of publisher, distributor, etc Zondervan Publishing House
Date of publication, distribution, etc c1986
300 ## - PHYSICAL DESCRIPTION
Extent 174 p. ;
Dimensions 18 cm.
650 ## - SUBJECT ADDED ENTRY--TOPICAL TERM
Topical term or geographic name as entry element Prayer
942 ## - ADDED ENTRY ELEMENTS (KOHA)
Source of classification or shelving scheme
Koha item type Books
Copies
Permanent Location Lost status Not for loan Full call number Shelving location Copy number Price effective from Barcode Withdrawn status Date acquired Damaged status Koha item type Source of classification or shelving scheme Date last seen
RHEMA Bible Training College  BV 210.2 .B568 1986General Stacks12010-04-146583 2010-04-14 Books 2010-04-14